| Tag |
First Indicator |
Second Indicator |
Subfields |
| LEADER |
00000cam a2200000 a 4500 |
| 001 |
in00002058766 |
| 005 |
20151101183521.0 |
| 008 |
050126s2004 txua 000 0aeng d |
| 010 |
|
|
|a 2005299169
|
| 020 |
|
|
|a 0970770928 (pbk.)
|
| 020 |
|
|
|a 9780970770929 (pbk.)
|
| 035 |
|
|
|a (OCoLC)ocm57497875
|
| 040 |
|
|
|a SUR
|c SUR
|d DLC
|d IXA
|d BAKER
|d BTCTA
|d YDXCP
|d IKM
|d UtOrBLW
|
| 042 |
|
|
|a lccopycat
|
| 043 |
|
|
|a n-us-tx
|
| 049 |
|
|
|a IKMM
|
| 050 |
0 |
0 |
|a F394.M295
|b S755 2004
|
| 082 |
0 |
0 |
|a 976.4/932092
|a B
|2 22
|
| 086 |
|
|
|a Z S900.7 OC1 NO.9
|2 txdocs
|
| 100 |
1 |
|
|a Stillwell, Hallie Crawford,
|d 1897-
|
| 245 |
1 |
0 |
|a My goose is cooked :
|b the continuation of a west Texas ranch woman's story /
|c Hallie Stillwell ; assembled by Betty Heath ; edited by Kelly S. Garcâia.
|
| 264 |
|
1 |
|a Alpine, Tex. :
|b Center for Big Bend Studies,
|c [2004]
|
| 264 |
|
4 |
|c ©2004
|
| 300 |
|
|
|a xix, 125 pages :
|b illustrations ;
|c 23 cm.
|
| 336 |
|
|
|a text
|b txt
|2 rdacontent
|
| 337 |
|
|
|a unmediated
|b n
|2 rdamedia
|
| 338 |
|
|
|a volume
|b nc
|2 rdacarrier
|
| 490 |
1 |
|
|a Center for Big Bend Studies occasional papers ;
|v no. 9
|
| 600 |
1 |
0 |
|a Stillwell, Hallie Crawford,
|d 1897-
|
| 650 |
|
0 |
|a Ranch life
|z Texas
|z Marathon Region
|x History
|y 20th century.
|
| 650 |
|
0 |
|a Ranchers' spouses
|z Texas
|z Marathon Region
|v Biography.
|
| 651 |
|
0 |
|a Marathon Region (Tex.)
|x Social life and customs.
|
| 651 |
|
0 |
|a Marathon Region (Tex.)
|v Biography.
|
| 700 |
1 |
|
|a Heath, Betty,
|d 1933-
|
| 700 |
1 |
|
|a Garcâia, Kelly S.
|
| 830 |
|
0 |
|a Occasional papers (Sul Ross State University. Center for Big Bend Studies) ;
|v no. 9.
|
| 856 |
4 |
1 |
|3 Table of contents
|u http://www.loc.gov/catdir/toc/fy0605/2005299169.html
|t 0
|
| 948 |
|
|
|a cataloged
|b h
|c 2005/6/21
|d c
|e eneff
|f 9:09:03 am
|
| 999 |
|
|
|a MARS
|
| 999 |
f |
f |
|s 4c112688-6e96-3232-b45a-f4cf62f75dd9
|i 2d6f0953-6412-3b77-9e96-b8c6e80fe110
|t 0
|
| 952 |
f |
f |
|p normal
|a Texas A&M University
|b College Station
|c Sterling C. Evans Library
|d Evans: Library Stacks
|t 0
|e F394.M295 S752 2004
|h Library of Congress classification
|i unmediated -- volume
|m A14833793508
|
| 952 |
f |
f |
|p normal
|a Texas A&M University
|b College Station
|c Sterling C. Evans Library
|d Evans: Texas Documents (Annex 5th floor)
|t 0
|e Z S900.7 OC1 NO.9
|h Superintendent of Documents classification
|i unmediated -- volume
|m A14835165468
|
| 952 |
f |
f |
|a Texas A&M University
|b College Station
|c Electronic Resources
|d Available Online
|t 0
|e Z S900.7 OC1 NO.9
|h Superintendent of Documents classification
|
| 998 |
f |
f |
|a Z S900.7 OC1 NO.9
|t 0
|l Evans: Texas Documents (Annex 5th floor)
|
| 998 |
f |
f |
|a Z S900.7 OC1 NO.9
|t 0
|l Available Online
|
| 998 |
f |
f |
|a F394.M295 S752 2004
|t 0
|l Evans: Library Stacks
|